Normal view
MARC view
- Marshall, Nancy
Entry Personal Name
001 - CONTROL NUMBER
- control field: 120690
003 - CONTROL NUMBER IDENTIFIER
- control field: NUST
005 - DATE AND TIME OF LATEST TRANSACTION
- control field: 20240219113028.0
008 - FIXED-LENGTH DATA ELEMENTS
- fixed length control field: 240219|| aca||aabn | a|a d
040 ## - CATALOGING SOURCE
- Original cataloging agency: NUST
- Transcribing agency: NUST
100 ## - HEADING--PERSONAL NAME
- Personal name: Marshall, Nancy
- Fuller form of name: (Nancy G.)
670 ## - SOURCE DATA FOUND
- Source citation: Work cat.: (NUST): Lang, Jon T., author. 9439, Urban squares as places, links and displays :, 2017.
